| 000 | 01107nam a2200361 a 4500 | ||
|---|---|---|---|
| 003 | AR-BaBNM | ||
| 005 | 20251128204924.0 | ||
| 008 | 082120s2002 ||||||||||||||000 | spa|| | ||
| 020 | _a84-277-1081-X | ||
| 040 | _cAR-BaBNM | ||
| 100 | 1 | _aWalsh, Bernadette | |
| 245 | 0 | 0 |
_aComunicarse _bun aprendizaje y una habilidad en secundaria |
| 260 |
_aMadrid _bNarcea _c1994 |
||
| 300 |
_a167 p. _btablas |
||
| 490 | 0 | _aSecundaria para todos | |
| 500 | _aLOGSE: Ley Orgánica de Ordenación del Sistema Educativo | ||
| 504 | _aBibliografía: p. 161-167 | ||
| 650 | 4 | _aENSEÑANZA DE LA EXPRESION ORAL | |
| 650 | 4 | _aENSEÑANZA DE LA LECTURA | |
| 650 | 4 | _aENSEÑANZA DE LA ESCRITURA | |
| 650 | 4 | _aESTRATEGIAS DE COMUNICACION | |
| 650 | 4 | _aGRUPOS DE DISCUSION | |
| 650 | 4 | _aDIFERENCIACION CULTURAL | |
| 650 | 4 | _aDIFERENCIACION SOCIAL | |
| 650 | 4 | _aTECNICAS DIDACTICAS | |
| 650 | 4 | _aPLANIFICACION DEL CURRICULO | |
| 651 | 4 | _aReino Unido | |
| 653 | _aEDUCACION SECUNDARIA | ||
| 700 | 1 |
_aBóveda, Amparo _etraductor |
|
| 700 | 1 |
_aPumfrey, Peter D. _eprologuista |
|
| 942 | _cBK | ||
| 998 | _csilvi | ||
| 999 |
_c9346 _d9346 |
||